Programa de gestión ambiental PGA, banco de materiales el siete macho.
El estudio presenta las leyes vigentes concernientes a los tópicos medio ambientales y a las actividades de explotación del banco de material selecto, presentar una descripción de la flora y fauna existente en el sitio y sus alrededores, indicando su área, volumen de explotación, característic...
| Main Author: | |
|---|---|
| Other Authors: | |
| Format: | Tesis Section = Libro |
| Language: | Undetermined Spanish |
| Published: |
Managua
UNI
2012
|
| Subjects: |
| LEADER | 01144nam a2200241Ia 4500 | ||
|---|---|---|---|
| 008 | 240830s9999 xx 000 0 und d | ||
| 040 | |a BIBLIOTECA-RUPAP Mon 333.714 M672 | ||
| 041 | |a spa | ||
| 082 | |a Mon 333.714 M672 | ||
| 100 | 1 | |a Miranda Rivas, Héctor Omar | |
| 245 | 1 | 0 | |a Programa de gestión ambiental PGA, banco de materiales el siete macho. |
| 260 | |a Managua |b UNI |c 2012 | ||
| 300 | |a 92 p. :il. | ||
| 500 | |a Contiene: anexos e incluye: CD. | ||
| 502 | |a Tesis (Ingeniero Civil)- UNI, 2012. | ||
| 520 | 3 | |a El estudio presenta las leyes vigentes concernientes a los tópicos medio ambientales y a las actividades de explotación del banco de material selecto, presentar una descripción de la flora y fauna existente en el sitio y sus alrededores, indicando su área, volumen de explotación, características granulométricas y aprovechamiento del material de obras de carreteras. | |
| 650 | 7 | |a GESTION AMBIENTAL - MEDIO AMBIENTE | |
| 650 | 7 | |b PROTECCION Y CONSERVACION DEL MEDIO AMBIENTE | |
| 650 | 7 | |c RECURSOS NATURALES | |
| 700 | 1 | |a Tutor: |b Ocampo Elvir, Gustavo Adolfo | |
| 942 | |c BK |2 ddc | ||
| 991 | |a TESIS | ||
| 999 | |c 15405 | ||